[Event "Bicaz City Cup 2020"]
[Site "Bicaz"]
[Date "2020.03.06"]
[Round "3.17"]
[White "Saioc, David"]
[Black "Rangu, Daniel"]
[Result "1-0"]
[WhiteElo "1837"]
[BlackElo "1500"]
[Annotator "NA"]
[PlyCount "99"]
[EventDate "2020.03.05"]
[EventType "swiss"]
[EventCountry "ROU"]
[SourceTitle "playchess.com"]
[Source "ChessBase"]
[SourceQuality "1"]
[TimeControl "5400+30"]

1. c4 {[%emt 0:05:19]} c5 {[%emt 0:00:00]} 2. Nc3 {[%emt 0:00:08]} Nc6 {[%emt 0:00:00]} 3. g3 {[%emt 0:00:09]} g6 {[%emt 0:00:02]} 4. Bg2 {[%emt 0:00:12]} Bg7 {[%emt 0:00:07]} 5. e3 {[%emt 0:00:07]} e6 {[%emt 0:01:11]} 6. Nge2 {[%emt 0:00:07]} Nge7 {[%emt 0:00:05]} 7. d4 {[%emt 0:00:10]} cxd4 {[%emt 0:01:56]} 8. exd4 {[%emt 0:00:13]} d5 {[%emt 0:00:19]} 9. cxd5 {[%emt 0:00:08]} exd5 {[%emt 0:00:18]} 10. O-O {[%emt 0:00:15]} O-O {[%emt 0:00:01]} 11. Bg5 {[%emt 0:05:02] A36: Symmetrical English vs ...g6: 4 Bg2 Bg7.} h6 {[%emt 0:05:38]} 12. Be3 {[%emt 0:00:14]} Be6 {[%emt 0:03:01] [#]} 13. Nf4 $146 {[%emt 0:00:08]} ({Predecessor:} 13. Qd2 Kh7 14. Nf4 Qd7 15. Rfe1 Rae8 16. a3 b6 17. Qd3 Na5 18. Nxe6 fxe6 19. Re2 {1-0 (69) Alefs,W (1609)-Smits,O (1712) Bad Sooden 2006}) 13... g5 {[%emt 0:02:03]} 14. Nxe6 {[%emt 0:18:12]} fxe6 {[%emt 0:00:24]} 15. Bh3 {[%emt 0:00:49]} Nf5 {[%emt 0:00:48]} 16. Ne2 {[%emt 0:00:06]} Qd6 {[%emt 0:02:20]} 17. Qd2 {[%emt 0:06:11]} Qb4 {[%emt 0:09:05]} 18. Qd3 {[%emt 0:04:48]} Rae8 {[%emt 0:14:13]} 19. Rfd1 {[%emt 0:07:05]} Nd6 {[%emt 0:08:46]} 20. b3 {[%emt 0:02:23]} Qb5 {[%emt 0:07:17]} 21. Qd2 {[%emt 0:12:31]} Ne4 {[%emt 0:00:53]} 22. Nc3 {[%emt 0:09:55]} Nxc3 {[%emt 0:04:05]} 23. Qxc3 {[%emt 0:00:21]} Qe2 {[%emt 0:05:22]} 24. Re1 {[%emt 0:06:27]} Qh5 {[%emt 0:01:23]} 25. Bg2 {[%emt 0:00:42]} g4 {[%emt 0:00:29]} 26. Rad1 {[%emt 0:01:54]} Qf5 {[%emt 0:04:10]} 27. Bf4 {[%emt 0:02:41]} Rc8 {[%emt 0:04:31]} 28. Qe3 {[%emt 0:01:39]} Rfe8 {[%emt 0:01:11]} 29. Bxh6 {[%emt 0:00:25]} Nb4 {[%emt 0:01:55]} 30. Bxg7 {[%emt 0:01:11]} Kxg7 {[%emt 0:04:36]} 31. Qe5+ {[%emt 0:00:14]} (31. Re2 $142) 31... Qxe5 {[%emt 0:02:17]} 32. Rxe5 {[%emt 0:00:08]} Kg6 {[%emt 0:00:38]} 33. Rde1 {[%emt 0:01:58]} Rc6 {[%emt 0:01:30]} 34. Bxd5 {[%emt 0:00:45]} Nxd5 {[%emt 0:02:45] [#]} 35. Rxd5 $1 {[%emt 0:00:06] Pin} exd5 {[%emt 0:00:08]} 36. Rxe8 {[%emt 0:00:06]} Rc1+ {[%emt 0:00:07]} 37. Kg2 {[%emt 0:00:04]} Rd1 {[%emt 0:01:04]} 38. Re7 {[%emt 0:00:07]} Rxd4 {[%emt 0:01:11]} 39. Kf1 {[%emt 0:00:19]} (39. Rxb7 $142 a6 40. Ra7) 39... Rd2 {[%emt 0:00:54]} 40. Rxb7 {[%emt 0:00:14]} Rxa2 {[%emt 0:00:26] [#]} 41. Rb5 $2 {[%emt 0:01:00]} ({White has to play} 41. Rb4 $1 $18) 41... Rb2 {[%emt 0:02:20]} 42. Rxd5 {[%emt 0:00:27]} Rxb3 {[%emt 0:00:14] [#]} 43. Ra5 {[%emt 0:00:04]} (43. Kg2 $1 $18 {is the precise move to win.}) 43... Rb7 {[%emt 0:01:15]} 44. Kg2 {[%emt 0:00:11]} Rh7 {[%emt 0:00:58]} 45. Ra4 {[%emt 0:02:19]} Kg5 {[%emt 0:02:59]} 46. Rf4 {[%emt 0:00:17]} Rh6 {[%emt 0:01:27]} 47. f3 {[%emt 0:00:43]} gxf3+ {[%emt 0:00:03]} 48. Rxf3 {[%emt 0:00:07]} Rf6 {[%emt 0:00:12]} 49. Rxf6 $18 {[%emt 0:00:30]} Kxf6 {[%emt 0:00:39]} 50. Kf2 {[%emt 0:00:06]} 1-0

[Event "Bicaz City Cup 2020"]
[Site "Bicaz"]
[Date "2020.03.06"]
[Round "3.18"]
[White "Melinte, Rares-Andrei"]
[Black "Pascu, Mihai"]
[Result "1-0"]
[WhiteElo "1785"]
[BlackElo "1488"]
[Annotator "NA"]
[PlyCount "41"]
[EventDate "2020.03.05"]
[EventType "swiss"]
[EventCountry "ROU"]
[SourceTitle "playchess.com"]
[Source "ChessBase"]
[SourceQuality "1"]
[TimeControl "5400+30"]

1. d4 {[%emt 0:00:00]} e6 {[%emt 0:01:17]} 2. c4 {[%emt 0:00:23]} Nf6 {[%emt 0:00:34]} 3. Nf3 {[%emt 0:00:19]} Be7 {[%emt 0:01:03]} 4. g3 {[%emt 0:00:51]} d6 {[%emt 0:02:59]} 5. Bg2 {[%emt 0:00:54]} Nbd7 {[%emt 0:00:47]} 6. O-O {[%emt 0:00:48]} c6 {[%emt 0:02:39]} 7. Qc2 {[%emt 0:01:27]} O-O {[%emt 0:01:43]} 8. e4 {[%emt 0:01:53]} Qc7 {[%emt 0:02:11]} 9. Re1 {[%emt 0:01:09]} e5 {[%emt 0:02:26]} 10. Nc3 {[%emt 0:01:39]} exd4 {[%emt 0:03:16]} 11. Nxd4 {[%emt 0:00:21]} Ne5 {[%emt 0:03:52]} 12. b3 {[%emt 0:02:17]} Re8 {[%emt 0:00:55]} 13. Nf5 {[%emt 0:06:21]} Bf8 {[%emt 0:05:51]} 14. Bg5 {[%emt 0:02:10]} Ned7 {[%emt 0:03:24]} 15. Rad1 {[%emt 0:01:52]} g6 {[%emt 0:00:58]} 16. Nd4 {[%emt 0:03:30]} Bg7 {[%emt 0:01:32]} 17. Bf4 {[%emt 0:08:17]} Ne5 {[%emt 0:01:55]} 18. Bc1 {[%emt 0:02:15]} a6 {[%emt 0:06:32]} 19. h3 {[%emt 0:04:33]} Be6 {[%emt 0:02:58]} 20. f4 {[%emt 0:02:31]} c5 {[%emt 0:00:24]} 21. Nxe6 {[%emt 0:00:47]} 1-0

[Event "Bicaz City Cup 2020"]
[Site "Bicaz"]
[Date "2020.03.06"]
[Round "3.19"]
[White "Hejja, Adam-Peter"]
[Black "Covrig, Larisa-Raluca"]
[Result "1-0"]
[WhiteElo "1356"]
[BlackElo "1779"]
[Annotator "NA"]
[PlyCount "57"]
[EventDate "2020.03.05"]
[EventType "swiss"]
[EventCountry "ROU"]
[SourceTitle "playchess.com"]
[Source "ChessBase"]
[SourceQuality "1"]
[TimeControl "5400+30"]

1. b3 {[%emt 0:00:00]} d5 {[%emt 0:00:01]} 2. Bb2 {[%emt 0:00:00]} Bf5 {[%emt 0:00:45]} 3. g3 {[%emt 0:00:09]} e6 {[%emt 0:00:18]} 4. Bg2 {[%emt 0:00:08]} Nf6 {[%emt 0:00:30]} 5. d3 {[%emt 0:00:16]} c5 {[%emt 0:01:59]} 6. e3 {[%emt 0:01:13]} Nc6 {[%emt 0:01:19]} 7. Nd2 {[%emt 0:01:10]} Bg6 {[%emt 0:02:42]} 8. Ne2 {[%emt 0:01:29]} Be7 {[%emt 0:00:42]} 9. O-O {[%emt 0:01:39]} O-O {[%emt 0:01:01]} 10. h3 {[%emt 0:02:08]} e5 {[%emt 0:04:44]} 11. f4 {[%emt 0:08:30]} exf4 {[%emt 0:03:14]} 12. exf4 {[%emt 0:01:33]} Bf5 {[%emt 0:01:54]} 13. g4 {[%emt 0:02:46]} Bc8 {[%emt 0:02:27]} 14. Ng3 {[%emt 0:00:53]} d4 {[%emt 0:08:45]} 15. Nde4 {[%emt 0:11:19]} Nd5 {[%emt 0:02:49]} 16. Bc1 {[%emt 0:03:29]} a5 {[%emt 0:11:59]} 17. Bd2 {[%emt 0:05:23]} Re8 {[%emt 0:05:19]} 18. g5 {[%emt 0:01:26]} Bd6 {[%emt 0:02:32]} 19. Qh5 {[%emt 0:01:46]} Ncb4 {[%emt 0:05:01]} 20. Nxd6 {[%emt 0:04:46]} Qxd6 {[%emt 0:00:07]} 21. Ne4 {[%emt 0:02:45]} Qc7 {[%emt 0:02:40]} 22. Bxb4 {[%emt 0:01:28]} axb4 {[%emt 0:01:22]} 23. g6 {[%emt 0:03:17]} Bf5 {[%emt 0:09:53]} 24. Qxf5 {[%emt 0:02:46]} Ne3 {[%emt 0:00:10]} 25. gxf7+ {[%emt 0:02:30]} Qxf7 {[%emt 0:00:23]} 26. Qxf7+ {[%emt 0:00:18]} Kxf7 {[%emt 0:00:10]} 27. Nd6+ {[%emt 0:00:34]} Ke7 {[%emt 0:00:38]} 28. Nxe8 {[%emt 0:00:20]} Nxf1 {[%emt 0:00:04]} 29. Rxf1 {[%emt 0:00:25]} 1-0

[Event "Bicaz City Cup 2020"]
[Site "Bicaz"]
[Date "2020.03.06"]
[Round "3.20"]
[White "Toma, Adrian-Robert"]
[Black "Arghirescu, Marius"]
[Result "0-1"]
[WhiteElo "2157"]
[BlackElo "1759"]
[Annotator "ChessBase"]
[PlyCount "68"]
[EventDate "2020.03.05"]
[EventType "swiss"]
[EventCountry "ROU"]
[SourceTitle "playchess.com"]
[Source "ChessBase"]
[SourceQuality "1"]
[TimeControl "5400+30"]

1. c4 {[%emt 0:00:00]} Nf6 {[%emt 0:02:31]} 2. Nc3 {[%emt 0:00:12]} e6 {[%emt 0:00:14]} 3. g3 {[%emt 0:00:27]} d5 {[%emt 0:00:33]} 4. cxd5 {[%emt 0:00:45]} exd5 {[%emt 0:00:09]} 5. e3 {[%emt 0:00:44]} c6 {[%emt 0:00:41]} 6. Bg2 {[%emt 0:00:21]} Bd6 {[%emt 0:01:39]} 7. Nge2 {[%emt 0:00:33]} O-O {[%emt 0:00:20]} 8. O-O {[%emt 0:00:13]} Na6 {[%emt 0:01:04]} 9. d4 {[%emt 0:00:40]} Bf5 {[%emt 0:00:52]} 10. a3 {[%emt 0:01:07]} Qd7 {[%emt 0:01:24]} 11. f3 {[%emt 0:03:41]} Bh3 {[%emt 0:01:05]} 12. Nf4 {[%emt 0:00:44]} Bxf4 {[%emt 0:01:11]} 13. exf4 {[%emt 0:00:58]} Bxg2 {[%emt 0:00:27]} 14. Kxg2 {[%emt 0:00:21]} Rfe8 {[%emt 0:01:36]} 15. Bd2 {[%emt 0:01:29]} Nc7 {[%emt 0:01:52]} 16. Qc2 {[%emt 0:04:25]} Ne6 {[%emt 0:02:07]} 17. Qd3 {[%emt 0:01:10]} Qc7 {[%emt 0:06:05]} 18. Rfe1 {[%emt 0:03:04]} Qb6 {[%emt 0:01:52]} 19. Na4 {[%emt 0:04:46]} Qxd4 {[%emt 0:00:33]} 20. Qxd4 {[%emt 0:01:26]} Nxd4 {[%emt 0:00:09]} 21. Bc3 {[%emt 0:03:26]} Nc2 {[%emt 0:03:55]} 22. Rxe8+ {[%emt 0:00:40]} Rxe8 {[%emt 0:00:24]} 23. Rc1 {[%emt 0:00:40]} Re2+ {[%emt 0:01:35]} 24. Kh3 {[%emt 0:00:21]} d4 {[%emt 0:01:21]} 25. Bb4 {[%emt 0:02:15]} b6 {[%emt 0:03:15]} 26. Bd6 {[%emt 0:00:55]} Nd5 {[%emt 0:03:27]} 27. Bb8 {[%emt 0:06:45]} Re6 {[%emt 0:12:55]} 28. Bxa7 {[%emt 0:02:31]} Nce3 {[%emt 0:01:52]} 29. g4 {[%emt 0:12:01]} Nxf4+ {[%emt 0:00:23]} 30. Kh4 {[%emt 0:03:08]} Rh6+ {[%emt 0:01:07]} 31. Kg3 {[%emt 0:06:40]} Ne2+ {[%emt 0:00:18]} 32. Kf2 {[%emt 0:00:26]} Rxh2+ {[%emt 0:00:04]} 33. Ke1 {[%emt 0:00:43]} Nxc1 {[%emt 0:00:04]} 34. Nc3 {[%emt 0:02:00]} dxc3 {[%emt 0:00:10]} 0-1

[Event "Bicaz City Cup 2020"]
[Site "Bicaz"]
[Date "2020.03.07"]
[Round "4.1"]
[White "Bargan, Sergiu"]
[Black "Istratescu, Andrei"]
[Result "0-1"]
[WhiteElo "2258"]
[BlackElo "2550"]
[Annotator "TA"]
[PlyCount "102"]
[EventDate "2020.03.05"]
[EventType "swiss"]
[EventCountry "ROU"]
[SourceTitle "playchess.com"]
[Source "ChessBase"]
[SourceQuality "1"]

{[%evp 11,102,3,14,-6,-8,-18,-6,-6,-6,-12,1,-22,-10,-18,-4,-16,-19,-25,0,-17,0,0,0,0,0,0,0,4,18,0,0,-11,0,-3,0,-5,-3,-2,4,-9,6,-10,-10,-12,-10,-15,0,0,0,0,19,0,8,8,18,8,8,0,0,0,0,0,0,0,0,0,0,0,0,0,0,-13,0,0,0,-684,-684,-625,-612,-1363,-1362,-1295,-1244,-1080,-983,-9689,-6442,-5497,-5401,-5065,-2595,-2443,-1528]} 1. d4 Nf6 2. Nf3 g6 3. Bg5 Bg7 4. Nbd2 O-O 5. e4 d6 6. Bd3 c5 7. dxc5 {A48: 1 d4 Nf6 2 Nf3 g6: Torre, London and Colle Systems.} dxc5 8. O-O Nc6 9. h3 {The position is equal.} h6 {[#]} 10. Be3 $146 ({Predecessor:} 10. Bh4 Nh5 11. e5 Nf4 12. Re1 Nxd3 13. cxd3 Qxd3 14. Re3 Qd5 15. Bg3 Rd8 16. Qa4 {0-1 (36) Hetzer,V (2063)-Bugajski,R (2222) Warsaw 2010}) 10... b6 11. a3 Qc7 12. c3 Rd8 13. Qc2 g5 14. Rfe1 Nd7 15. Rad1 Nde5 16. Be2 Be6 17. Nxe5 Nxe5 18. Nf1 Nc4 19. Bc1 Na5 20. Rxd8+ Rxd8 21. Rd1 Bb3 22. Rxd8+ Qxd8 23. Qd3 Qxd3 24. Bxd3 c4 25. Be2 b5 26. g3 Bc2 27. f3 e6 28. Be3 Bd3 29. Kf2 Bxe2 30. Kxe2 $11 {[%mdl 4096] Endgame KBN-KBN} Nc6 31. Nd2 a6 32. a4 f5 33. axb5 axb5 34. exf5 exf5 35. g4 f4 36. Bf2 Bf6 37. Kd1 Kf7 38. Kc2 Ke6 39. Bc5 Be7 40. Bxe7 Kxe7 {KN-KN} 41. b4 cxb3+ 42. Kxb3 Kd6 43. c4 $2 {[%mdl 8192] [#]} (43. Ne4+ $11 Kd5 44. Kc2) 43... b4 $1 $19 {[%cal Bb5b4,Bb4b3,Bb3b2][%mdl 32] Black is clearly winning.} 44. Ne4+ Ke5 45. Ka4 Kd4 46. Kb5 Ne5 47. c5 b3 48. c6 {[#]} Nxc6 $1 {[%mdl 512]} 49. Kxc6 b2 50. Nd2 Kd3 51. Nb1 Ke3 {Accuracy: White = 86%, Black = 97%.} 0-1

[Event "Bicaz City Cup 2020"]
[Site "Bicaz"]
[Date "2020.03.07"]
[Round "4.2"]
[White "Telea, Stefan"]
[Black "Svetushkin, Dmitry"]
[Result "0-1"]
[WhiteElo "2006"]
[BlackElo "2504"]
[Annotator "TA"]
[PlyCount "54"]
[EventDate "2020.03.05"]
[EventType "swiss"]
[EventCountry "ROU"]
[SourceTitle "playchess.com"]
[Source "ChessBase"]
[SourceQuality "1"]

{[%evp 13,54,11,8,21,11,0,-3,-17,-12,-49,-47,-65,-56,-92,-86,-111,-107,-108,-96,-133,-93,-100,-113,-165,-100,-91,-41,-353,-354,-344,-372,-589,-569,-786,-340,-270,-42,-32,0,-29996,-29997,-29997,-29998]} 1. Nf3 d5 2. g3 c6 3. Bg2 Nf6 4. O-O Bf5 5. d3 e6 6. c4 Be7 7. cxd5 exd5 8. Qb3 {A11: English Opening: 1...c6.} Qb6 {[#]} 9. Qa4 $146 ({Predecessor:} 9. Qc2 h6 10. Nc3 O-O 11. e4 Bh7 12. Be3 Qa6 13. Rfd1 Nbd7 14. exd5 cxd5 15. Qb3 Rad8 {1-0 (53) Oparin,G (2650)-Obregon,C (2525) chess.com INT 2020}) 9... O-O 10. Nc3 {The position is equal.} Nbd7 11. Nd4 Bg6 12. Nb3 a5 13. a3 Rfe8 14. e4 dxe4 15. dxe4 Qa6 16. Nd4 Bc5 17. Nf5 Ng4 {Strongly threatening ...Bxf5.} 18. Bf4 {[#]} (18. Nh4 $17) 18... Nde5 (18... Ndf6 $1 $19 {...Nxf2 is the strong threat.} 19. h3 Bxf5 20. hxg4 Bxg4) 19. Bxe5 $17 Rxe5 20. Nh4 $2 {[%mdl 8192]} (20. Qc2 $15) 20... Nxf2 $19 21. Rxf2 Bxf2+ 22. Kxf2 (22. Kh1 $142) 22... Qb6+ {[%mdl 64] Double Attack} 23. Kf3 Bh5+ (23... Qxb2 $142 24. Qd4 Rxe4) 24. g4 Bxg4+ $2 ({Don't take} 24... Qxb2 25. Qd4 $17) (24... Rg5 $19 25. gxh5 Qxb2 {[%mdl 64] Double Attack}) 25. Kxg4 $15 Qe3 {[%csl Ge5][%cal Rh7h5]} 26. Nf5 $4 {[%mdl 8192] [#]} (26. Nf3 $11 Re6 27. e5) 26... h5+ $1 {[%mdl 576] Deflection} 27. Kxh5 Qf4 {Accuracy: White = 41%, Black = 58%.} 0-1

[Event "Bicaz City Cup 2020"]
[Site "Bicaz"]
[Date "2020.03.07"]
[Round "4.3"]
[White "Soltanici, Ruslan"]
[Black "Dobre, Claudiu-Cristian"]
[Result "1-0"]
[WhiteElo "2403"]
[BlackElo "2312"]
[Annotator "TA"]
[PlyCount "61"]
[EventDate "2020.03.05"]
[EventType "swiss"]
[EventCountry "ROU"]
[SourceTitle "playchess.com"]
[Source "ChessBase"]
[SourceQuality "1"]

{[%evp 9,61,43,47,47,59,10,39,35,51,52,75,61,81,73,64,15,22,11,24,15,14,-7,0,0,54,29,61,5,52,54,74,71,85,82,64,63,185,196,234,228,225,225,204,162,133,143,185,193,390,370,374,367,444,382]} 1. e4 Nc6 2. Nf3 d6 3. d4 Nf6 4. c3 e5 5. h3 Be7 6. Bd3 {C44: Ponziani Opening and Scotch Gambit.} O-O 7. Nbd2 Re8 8. O-O {White is slightly better.} Bf8 9. Re1 {[#]} Nh5 $146 ({Predecessor:} 9... g6 10. d5 Nb8 11. c4 a5 12. b3 Na6 13. a3 Bd7 14. Rb1 Nc5 15. Bc2 Nh5 16. Nf1 Nf4 17. Be3 b5 18. b4 axb4 19. axb4 Na4 20. Bxa4 Rxa4 21. cxb5 {½-½ (21) Arribas Lopez,A (2537)-Franco Ocampos,Z (2490) Roquetas de Mar 2015}) 10. Nc4 g6 11. Bg5 Be7 12. Be3 {[%cal Rd4e5]} exd4 13. cxd4 d5 $1 {[%cal Rd5c4]} 14. exd5 Nb4 15. Bf1 Nxd5 16. Bd2 Nhf4 (16... Ng7 $11) 17. Qb3 $14 c6 18. Rac1 (18. Ba5 $14 b6 19. Bd2) 18... Ne6 19. Ba5 b6 20. Bd2 $36 {[%mdl 2048] White is on the roll.} Bf6 21. Nce5 Bxe5 22. dxe5 c5 {Black cannot hold the game after this.} ({Black should try} 22... Bb7 $14) 23. Rcd1 $18 Nd4 24. Nxd4 cxd4 25. Bb5 Re6 26. Bc1 Nc7 27. Bc4 Bb7 {[#]} 28. Be3 $1 {[%mdl 576] Pin} b5 $2 (28... Qe7) (28... dxe3 29. Rxd8+) 29. Rxd4 Qe8 30. Bxe6 Qxe6 31. Qxe6 {Accuracy: White = 83%, Black = 54%.} 1-0

[Event "Bicaz City Cup 2020"]
[Site "Bicaz"]
[Date "2020.03.07"]
[Round "4.4"]
[White "Maria, Lia-Alexandra"]
[Black "Baltag, Iulian"]
[Result "0-1"]
[WhiteElo "1547"]
[BlackElo "2391"]
[Annotator "TA"]
[PlyCount "90"]
[EventDate "2020.03.05"]
[EventType "swiss"]
[EventCountry "ROU"]
[SourceTitle "playchess.com"]
[Source "ChessBase"]
[SourceQuality "1"]

{[%evp 9,90,26,29,6,20,-1,9,22,35,24,33,23,85,81,98,91,97,93,92,75,88,84,135,131,164,118,117,99,92,104,233,219,219,223,215,152,159,151,156,149,134,130,135,112,106,0,0,0,0,0,11,-6,-6,-6,-7,-7,-7,-7,-7,-7,0,-7,-7,-7,-8,-15,-13,-29974,-29975,-29975,-29976,-29976,-29977,-29977,-29978,-29978,-29979,-29978,-29979,-29979,-29980,-29981,-29982]} 1. e4 c5 2. Nf3 e6 3. d4 cxd4 4. Nxd4 a6 5. Bd3 g6 6. Nd2 {B42: Sicilian: Kan Variation: 5 Bd3.} Bg7 7. N2f3 Ne7 8. O-O {The position is equal.} Nbc6 9. c3 O-O 10. Be3 f5 (10... e5 $11 11. Nxc6 bxc6) 11. exf5 {Nxc6 is the strong threat.} Nxf5 12. Nxf5 gxf5 13. Qd2 d5 14. Bg5 Qc7 15. Bc2 Na5 {[#]} (15... Ne5 $142) 16. Bf4 $1 $16 {[%cal Rf4c7]} Qb6 17. b3 Bd7 18. Ne5 Be8 19. Rfe1 Rc8 {[#]} (19... Nc6 $16) 20. Re3 $1 $18 Nc6 21. Rg3 Nxe5 22. Bxe5 Bg6 23. Bxg7 Kxg7 24. h4 f4 25. Rg4 {Black must now prevent h5.} Qc7 26. c4 dxc4 27. h5 (27. Re1 $16 cxb3 28. Qd4+ Rf6 29. Bxb3) 27... Qe5 $11 {[%mdl 64] Double Attack} 28. Re1 Qxh5 29. Qd7+ Kh6 30. Rxe6 {Strongly threatening Re7.} Qxg4 {[#]} 31. Rxg6+ $1 {[%mdl 512]} Qxg6 (31... hxg6 32. Qxg4) 32. Bxg6 hxg6 33. bxc4 Rxc4 {With the idea ...b5.} 34. Qxb7 {[%mdl 4096] Endgame KQ-KRR} Rc1+ 35. Kh2 Rf5 {[%cal Rf5h5]} 36. Kh3 Rg5 {[%cal Rc1h1]} 37. g3 fxg3 38. Qf3 $2 {[%mdl 8192] [#]} (38. fxg3 $11 Rc3 39. Kh2) 38... Rh1+ $1 {[%mdl 576] Deflection, Promotion. Black mates.} 39. Qxh1 {KQ-KR} Rh5+ {[%mdl 64] Skewer} 40. Kg2 Rxh1 41. Kxh1 gxf2 42. Kg2 Kg5 43. Kxf2 Kf4 44. a3 a5 45. a4 Ke4 {Never resign too early! Accuracy: White = 81%, Black = 82%.} 0-1

[Event "Bicaz City Cup 2020"]
[Site "Bicaz"]
[Date "2020.03.07"]
[Round "4.5"]
[White "Manolache, Marius"]
[Black "Melinte, Rares-Andrei"]
[Result "1-0"]
[WhiteElo "2541"]
[BlackElo "1785"]
[Annotator "TA"]
[PlyCount "47"]
[EventDate "2020.03.05"]
[EventType "swiss"]
[EventCountry "ROU"]
[SourceTitle "playchess.com"]
[Source "ChessBase"]
[SourceQuality "1"]

{[%evp 9,47,-1,0,-7,0,-10,30,0,29,22,17,23,34,16,77,45,47,51,68,59,91,118,97,62,112,102,117,114,102,106,100,120,426,375,402,365,534,527,525,526]} 1. d4 Nf6 2. Bg5 e6 3. Nd2 d5 4. e3 c5 5. c3 Be7 6. Bd3 {D00: 1 d4 d5: Unusual lines.} Nbd7 {[#]} 7. Bf4 $146 ({Predecessor:} 7. Ngf3 b6 8. O-O Bb7 9. Qb1 h6 10. Bh4 O-O 11. b4 c4 12. Bc2 a5 13. b5 a4 14. Qd1 a3 15. Rb1 Ra5 16. Ne5 Nxe5 17. dxe5 Nd7 {1-0 (43) Zherebukh,Y (2595)-Chirila,I (2530) Chicago 2016}) 7... b6 8. h4 {White has an edge.} h5 9. Qf3 Bb7 10. Nh3 Ng4 11. Ng5 {[#] Black must now prevent Nxf7!} Bf6 (11... e5 $11 {keeps the balance.} 12. Bg3 Bf6) 12. Qg3 (12. Bd6 $5 {[%cal Rg5e6]} Rh6 13. O-O-O $16 (13. Bb5 a6 $11)) 12... e5 13. dxe5 Ngxe5 14. Bb5 {Threatens to win with Bxe5.} Bc6 15. Bxc6 Nxc6 16. Rd1 Be5 17. Ndf3 Bxf4 18. Qxf4 {[%csl Gg5][%cal Rf4f7] [#]} Nf6 19. e4 $36 {[%mdl 2048] Strongly threatening Rxd5! White has strong initiative.} O-O 20. O-O d4 $2 {[%mdl 8192] Black cannot hold the game after this.} (20... Ne7 $16) 21. e5 $18 Qc7 22. cxd4 Nxd4 (22... Rae8 {keeps fighting.} 23. Rfe1 Ne7) 23. Nxd4 cxd4 24. Rc1 {Accuracy: White = 82%, Black = 33%.} ({Less strong is} 24. Rxd4 Ng4 $16) 1-0

[Event "Bicaz City Cup 2020"]
[Site "Bicaz"]
[Date "2020.03.07"]
[Round "4.6"]
[White "Danilov, Vladimir"]
[Black "Mazilu, Stefan-Fabian"]
[Result "1-0"]
[WhiteElo "2388"]
[BlackElo "1772"]
[Annotator "TA"]
[PlyCount "103"]
[EventDate "2020.03.05"]
[EventType "swiss"]
[EventCountry "ROU"]
[SourceTitle "playchess.com"]
[Source "ChessBase"]
[SourceQuality "1"]

{[%evp 13,103,33,49,18,31,21,33,28,50,45,48,45,42,33,54,44,72,71,74,47,79,73,64,64,59,-6,50,41,101,58,39,38,23,0,21,0,31,17,18,18,44,20,22,24,24,13,16,20,66,55,81,72,84,80,131,147,175,118,183,175,172,172,173,167,333,331,291,283,442,440,427,409,668,463,692,704,583,583,583,581,573,563,577,568,588,536,522,522,756,694,1587,1568]} 1. d4 Nf6 2. c4 e6 3. Nc3 Bb4 4. e3 O-O 5. Nge2 b6 6. a3 Bxc3+ 7. Nxc3 Bb7 8. f3 {E44: Nimzo-Indian: Rubinstein: 4...b6 5 Ne2.} d5 9. Bd3 Nbd7 10. O-O {White is slightly better.} c5 11. cxd5 exd5 12. Qe1 Re8 {White should prevent ...cxd4.} 13. Qh4 Qc8 {[#]} 14. Rd1 $146 ({Predecessor:} 14. Bd2 Ba6 15. Bxa6 Qxa6 16. Rfd1 Rac8 17. Rac1 Qd3 18. Qf2 a6 19. Qf1 Qxf1+ 20. Kxf1 {½-½ (43) Tsirilman,G (1798)-Mindlin,A (2454) Netanya 2019}) 14... a6 15. Bd2 Nf8 16. Rac1 Qe6 17. dxc5 bxc5 18. Na4 c4 19. Bf1 (19. Bc2 $14) 19... Ng6 (19... N8d7 $11) 20. Qd4 $14 Ne7 (20... Nd7 $14) 21. Nc5 Qb6 22. Nxb7 Qxb7 23. Re1 Nc6 24. Qc3 Rab8 25. b4 Qa7 26. Kh1 a5 27. Rb1 axb4 28. axb4 Ne5 29. Qa1 Qxa1 30. Rxa1 Nc6 31. Reb1 h6 32. b5 $36 {[%mdl 2048] White is in control. White stays focused until the end.} Ne5 33. Bc3 Ned7 (33... Nfd7 $142) 34. Bd4 $16 Rb7 35. Ra7 ({Better is} 35. b6 $18) 35... Reb8 (35... Rxa7 $16 {keeps fighting.} 36. Bxa7 Ra8) 36. Rxb7 Rxb7 37. b6 Kf8 {[#]} 38. e4 $1 {[%mdl 512]} dxe4 $2 (38... g5 39. Rb5 Ke7 40. exd5 c3 41. Bxc3 Rxb6 42. Bb4+ Ke8) 39. Bxc4 $18 exf3 40. gxf3 Ke7 (40... Nb8 $142 41. Ra1 Nbd7 42. Ra8+ Ke7) 41. Ba6 Rb8 42. b7 Rg8 (42... Ne8 $142 43. Ba7 Nd6) 43. Bc4 {White is clearly winning.} Rf8 (43... Rd8 $142 44. Ba7 g5) 44. Ba7 Kd6 45. b8=Q+ Nxb8 46. Bxb8+ Kc5 47. Ba2 Kd4 48. Ba7+ Ke5 49. Rb8 Rxb8 50. Bxb8+ Kd4 51. Bxf7 Ke3 52. Kg2 {Accuracy: White = 80%, Black = 44%.} 1-0